| 000 | 01025nam a2200325Ia 4500 | ||
|---|---|---|---|
| 001 | 86891 | ||
| 003 | IT-RoPAU | ||
| 008 | 130308s9999 xx 000 0 und d | ||
| 040 | _aIT-RoPAU | ||
| 040 | _cIT-RoPAU | ||
| 041 | _aITALIANO | ||
| 100 | _aPellitteri Giuseppe | ||
| 100 | _gCodice Aut. SPICS: 2751 | ||
| 245 | _aEnciclopedia della stampa-Aggiornamento N.12: schemario d'impaginazione | ||
| 245 | _bEnciclopedia della Stampa-Aggiornamento N.12: schemario D'Impaginazione | ||
| 250 | _a1a ed. | ||
| 260 | _aTORINO | ||
| 260 | _bSEI | ||
| 260 | _c1973 [1° Ed.:1973 - Ed.Ling.Originale:1973] | ||
| 300 | _a"128 p. (prefazione: no ; testo: 128 [pagine: 0-0])" | ||
| 500 | _aDidascalie delle tavole Dello schemario Tracciato Impostazione e Marginatura delle forme di Stampa 78 Tavole | ||
| 650 | _aENCICLOPEDIE SULL'EDITORIA | ||
| 650 | _eCodice materia Spics: 6601 | ||
| 700 | _aAstori Luigi | ||
| 700 | _gCodice Aut. SPICS: 9753 | ||
| 942 | _cBK | ||
| 957 | _71 | ||
| 999 |
_c69744 _d69744 |
||
| 999 | _bSI | ||
| 999 | _g1 | ||